000 00454nam a2200133Ia 4500
008 220216s9999 xx 000 0 und d
100 _aSivakumaran S
245 0 _aLow frequency tapping systms: Approaches towards improved performance
260 _bProceedings of the International Rubber Conference, Kuala Lumpur, Malaysia, V.3. 1985; p317-336
650 _aLow frequency tapping
650 _aTapping system
700 _aHashim Ismail
942 _cJS
999 _c62302
_d62302